| 000 | 00910cam a2200205 4500 | ||
|---|---|---|---|
| 001 | WB3814-14 | ||
| 008 | 020416n2002 000 0 eng u | ||
| 035 | _a(Sirsi) u117501 | ||
| 245 | _aLondon First looks at housing growth | ||
| 260 | _c2002 | ||
| 490 |
_aPlanning (for the Natural and Built Environment) _v(1464) 12 April 2002, 3(1) |
||
| 520 | _aReport by London First indicates almost 600 000 homes will be needed in London over the next 15 years if London is to remain a world class city. Also predicted is the fact that London will need to spend £100 billion on housing, transport, education and health in the same time period. Review is available at: http://www.london-first.co.uk/lf/publications/bb_1460.pdf | ||
| 590 | _aWB | ||
| 650 | _aLONDON FIRST | ||
| 650 | _aLONDON | ||
| 650 | _aNEW HOMES | ||
| 650 | _aCOMPREHENSIVE SPENDING REVIEW | ||
| 690 | _aHOUSING-DEVELOPMENT | ||
| 942 | _n0 | ||
| 999 |
_c69985 _d69985 |
||